| 000 | 02462cam a22004934i 4500 | ||
|---|---|---|---|
| 003 | PE-LiUPU | ||
| 005 | 20250731172919.0 | ||
| 008 | 150617s1967 ne rb 000 0 eng d | ||
| 035 | _a(Sirsi) a19021 | ||
| 040 |
_aPE-LiUPU _bspa _cPE-LiUPU _erda |
||
| 049 | _aPRUA | ||
| 082 | 0 | 4 |
_a283 _bK46 _221 |
| 100 | 1 |
_aKessler, Juan B. A., _d1925- , _eautor. |
|
| 245 | 1 | 2 |
_aA study of the older Protestant missions and churches in Peru and Chile. With special reference to the problems of division, nationalism and native ministry / _cpor J. B. A. Kessler. |
| 264 | 1 |
_aGoes : _bOosterbaan & Le Cointre, _c1967. |
|
| 300 |
_a369 páginas ; _c24 centímetros |
||
| 336 |
_atext _2rdacontent |
||
| 337 |
_aunmediated _2rdamedia |
||
| 338 |
_avolume _2rdacarrier |
||
| 504 | _anotas bibliográficas. | ||
| 505 | 0 | _aA sketch of the background to the development of protestantism -- Early protestant efforts in Perú and Chile -- The establisment of protestantism in Perú -- The establishment of protestantism in Chile -- Presbyterianism in Chile and the problem of establishing a national ministry -- Later presbyterianism in Chile -- The methodists in Perú -- The methodists in Chile up to the time of the pentecostal revival -- The pentecostal division and development of methodism and later development of methodism in Chile -- The anglican mission to the araucanian indians in southern Chile -- The church of scotland mission in Perú -- The early work of the regions beyond missionary union in Perú -- The development of the U. S. A. work in central and southern Perú -- The christian and mission. | |
| 526 | _aSEG42 | ||
| 526 | _aSEG41 | ||
| 526 | _aSEG40 | ||
| 526 | _aSEG39 | ||
| 526 | _aP94 | ||
| 526 | _aP87 | ||
| 526 | _aP86 | ||
| 526 | _aP85 | ||
| 526 | _aP77 | ||
| 526 | _aP76 | ||
| 526 | _aP35 | ||
| 650 | 1 | 4 |
_aIglesias Protestantes _zChile. |
| 650 | 1 | 4 |
_aIglesias Protestantes _zPerú. |
| 650 | 2 | 4 |
_aMisiones _zChile. |
| 650 | 2 | 4 |
_aMisiones _zPerú. |
| 910 |
_ajck _bjvq _cjck _d20150616 |
||
| 942 |
_2ddc _cBOOK |
||
| 949 |
_a283 K46 _wDEWEY _c1 _i17885 _lCCODEBUL1 _mBUL _p00.00 _r0 _sY _tBOOK _u19800623 _xTEOLOGIA _PP35 _0COMPRA _o.STAFF. Colección General |
||
| 994 |
_aC0 _bPEPRU |
||
| 596 | _a1 | ||
| 999 |
_a283 K46 _wDEWEY _c18778 _i17885 _f2021-11-11 _g5 _lCCODEBUL1 _mBUL _p42.00 _r0 _sY _tBOOK _u2015-6-17 _xTEOLOGIA _PP35 _0COMPRA _o.STAFF. Colección Teología _d18778 |
||
| 980 |
_81 _gALBERTO SANCHEZ Responsable de Automatización |
||